000 00647nam a2200181 a 4500
001 001066734
003 AM-YeHGA
005 20250617151153.0
008 150318s1929 |||b r 000 0 arm d
040 _aAM-YeHGA
100 0 _aՏէր-Վարդանեան, Յ.
245 1 0 _aԱլպոմ սրբազան տեղեաց Երուսաղէմ :
_bAlbwum des lieux saints Jerusalem /
_cՊատր. Յ. Տէր-Վարդանեան.
246 3 1 _aAlbwim des lieux saints Jerusalem
260 _aԵրուսաղեմ :
_bԱ. հ.,
_c1929.
300 _a16 էջ :
_b15 էջ նկ.
650 1 4 _aՍրբավայրեր, վանքեր - Ալբոմներ
090 _c348114
999 _c346313
_d346313